| 000 | 00510nam a2200217Ia 4500 | ||
|---|---|---|---|
| 003 | OSt | ||
| 005 | 20221005114611.0 | ||
| 006 | a|||||r|||| 00| 0 | ||
| 007 | ta | ||
| 008 | 221004b |||||||| |||| 00| 0 eng d | ||
| 024 | _a114752 | ||
| 037 | _cTextual | ||
| 040 |
_aCRL _cCRL _beng |
||
| 041 |
_2eng _aeng |
||
| 100 |
_aChandra Mehesh _9626225 |
||
| 245 | 0 | _aAyekar | |
| 260 | _c1988 | ||
| 700 |
_a Goyal S P _9230168 |
||
| 942 |
_cTEXL _2cc |
||
| 999 |
_c1031836 _d1031836 |
||